000 00429nam a22001577a 4500
005 20240206062703.0
008 240206b |||||||| |||| 00| 0 eng d
020 _a9789559757764
082 _222
_a306.
_bFAM
100 _aVaitheeswaran , k
245 _aFamily Relationship :
_bGuide for prosperous life /
_cVaitheeswaran.
260 _aColombo ;
_bRani publication,
_c2008.
300 _a120 p.,
650 _aHealthy
942 _cL
999 _c319
_d319